Pengucapan awam [ Kursus Penilaian Harta :

Bibliographic Details
Corporate Author: Institut Penilaian Negara
Format: Book
Published: Bangi : Institut Penilaian Negara , 1996
Subjects:

MARC

LEADER 00000cam a2200000 7i4500
001 0000005873
005 20110114.0
008 110114
040 |a INS 
090 0 0 |a VCD 1664 
245 0 0 |a Pengucapan awam [  |h cakera video] :   |b Kursus Penilaian Harta :   |b 11 Mac - 20 April 1996 
260 |a Bangi :   |b Institut Penilaian Negara ,   |c 1996 
300 |a 1 cakera video (3 jam 15 min.) :   |b by., wrn. ;   |c 4 3/4 in. 
500 |a Juga terdapat dalam format vhs : VHS 625 - 626 
650 0 0 |a Public speaking 
710 1 |a Institut Penilaian Negara 
999 |a VCD0001664   |b DIGITAL VIDEO CD   |c Media Collection   |e Default branch